| 000 | 00969nac a22002657a 4500 | ||
|---|---|---|---|
| 001 | BR9001577 | ||
| 003 | BR-BrBNA | ||
| 005 | 20240105121058.0 | ||
| 008 | 230509b bl.|||m| |||| 00| 0 por d | ||
| 040 |
_aBR-BrBNA _bpor _cBiblioteca Nacional de Agricultura |
||
| 072 | _aF30 | ||
| 090 | _a0430 BR9001577 | ||
| 100 | 1 | _aArantes, E.M. | |
| 110 | 1 |
_aEmpresa de Pesquisa Agropecuaria do Estado de Mato Grosso S.A., Cuiaba (Brasil) _94113 |
|
| 245 | 1 | _aComportamento de cultivares de algodoeiro herbaceo na regiao sudoeste do estado de Mato Grosso | |
| 260 | 3 |
_aCuiaba, MT (Brasil): _c1990. |
|
| 300 | _a26 p. | ||
| 490 |
_aBoletim de Pesquisa - Empresa de Pesquisa Agropecuaria do Estado de Mato Grosso S.A. (Brazil) _vno. 8 _xISSN 0102-213X |
||
| 500 | _aSummaries (En, Pt); 5 ref. | ||
| 650 | _aALGODAO HERBACEO | ||
| 650 | _aCOMPORTAMENTO DE VARIEDADE | ||
| 650 | _aMATO GROSSO | ||
| 909 |
_a202312 _bLúcia Elande _c55 _dLúcia Elande |
||
| 942 |
_2AGRIS _n0 _cMS |
||
| 999 |
_c283163 _d283163 |
||